| 000 | 00432nam a2200181Ia 4500 | ||
|---|---|---|---|
| 005 | 20240823005449.0 | ||
| 008 | 240823s9999||||xx |||||||||||||| ||und|| | ||
| 041 | _aENGLISH | ||
| 082 | _A621.366 P4 | ||
| 100 | _aLaud B B | ||
| 245 | 0 | _aLasers and Non-Linear Optics | |
| 250 | _a2nd | ||
| 260 |
_c1996 _bNew Age International (P _aNew Delhi |
||
| 500 | _aYES | ||
| 650 |
_aLaser _bElectronics |
||
| 942 | _cBK | ||
| 999 |
_c155791 _d155791 |
||